000 00867nam a22002777a 4500
001 0074
003 DO-SdBNP
005 20180122131423.0
007 0074
008 151111b sp 2004 xxu||||| |||| 00| 0 spa d
020 _a9788497110440
040 _aBPMSU
_bspa
_cBPMSU
092 _axxxxxxx
_bxxxxxxx
100 1 0 _aHaddon, Mark,
_d1963-
245 1 3 _aEl curioso incidente del perro a medianoche /
_cMaark Haddon ; traducción Patricia Antón
246 1 0 _aThe curious incident of the dog in the nigth -time
260 _aBarcelona :
_bSalamandra,
_c2004. 2007 (impresión)
300 _a268 p. :
_bil.,
_c18 cm.
490 1 0 _aQuinteto
_v260
500 _3Incluye notas al pie de las páginas
700 1 0 _aAntón, Patricia,
_etr.
830 0 0 _aQuintero
_n260
942 _2ddc
_cBK
945 _aInventariado extranjero / 2018 VM
956 _aBrenda Tavárez
999 _c8653
_d8653